| 000 | 00500nam a22001817a 4500 | ||
|---|---|---|---|
| 003 | OSt | ||
| 005 | 20140310182200.0 | ||
| 008 | 130902t xxu||||| |||| 00| 0 eng d | ||
| 020 | _a9781848981386 | ||
| 050 |
_aGV 1201 _b.W624 2010 |
||
| 082 |
_aHS 797.5 _bW58 2010 |
||
| 100 |
_aWhittall, Noel _916181 |
||
| 245 |
_aHang gliding & paragliding / _cNoel Whittall |
||
| 260 |
_aGreat Britain : _bTicktock, _cc2010. |
||
| 300 |
_a64 p. : _bcol. ill. ; _c25 cm. |
||
| 942 |
_2lcc _cHS |
||
| 999 |
_c10181 _d10181 |
||